| 000 | 00547nam a22002057a 4500 | ||
|---|---|---|---|
| 003 | OSt | ||
| 005 | 20250917020002.0 | ||
| 008 | 151120b xxu||||| |||| 00| 0 eng d | ||
| 020 | _a9781137031204 | ||
| 040 | _cDNLM | ||
| 082 | _a621.11 STR 2013 | ||
| 100 |
_aStroud, K.A; Booth, Dexter J. _96242 |
||
| 245 | _aEngineering Mathematics | ||
| 250 | _a7th ed. | ||
| 260 |
_aLondon; _bPalgrave, _c2013 |
||
| 300 | _axxvii,1155p;ill: 28cm | ||
| 504 | _aAnswers, & index included | ||
| 650 |
_aEngineering mathematics _94174 |
||
| 942 |
_2z _cO_SHELF _01 |
||
| 999 |
_c2635 _d2635 |
||